| 000 | 01002cam a22003014a 4500 | ||
|---|---|---|---|
| 999 |
_c7778 _d7778 |
||
| 003 | OSt | ||
| 005 | 20200521110345.0 | ||
| 008 | 080911r20092002enkab b 001 0 eng | ||
| 016 | 7 |
_a015261188 _2Uk |
|
| 020 | _a9780500284001 (pbk.) | ||
| 035 | _a(OCoLC)ocn286447149 | ||
| 042 | _alccopycat | ||
| 050 | 0 | 0 |
_aNA2500 _b.W65 2009 |
| 082 | 0 | 4 |
_a720.9PAR _222 |
| 245 | 0 | 0 |
_aWonders of world architecture / _cedited by Neil Parkyn. |
| 250 | _a1st pbk. ed. | ||
| 260 |
_aLondon : _bThames & Hudson, _c2009. |
||
| 300 |
_a304 p. : _bill. (chiefly col.), maps ; _c26 cm. |
||
| 500 | _aOriginally published: as The seventy architectural wonders of our world. 2002. | ||
| 504 | _aIncludes bibliographical references (p. 292-297) and index. | ||
| 650 | 0 |
_aArchitecture _xHistory. |
|
| 650 | 0 |
_aCivil engineering _xHistory. |
|
| 650 | 0 |
_aBuildings _vCase studies. |
|
| 650 | 0 | 7 |
_aArchitektur. _2swd |
| 700 | 1 |
_aParkyn, Neil, _d1943- |
|
| 740 | 0 | _aSeventy architectural wonders of our world. | |
| 942 | _2ddc | ||